Nalezený malíř Josef Kotrba : 1896-1984 /

Main Author: Kotrba, Josef, 1896-1983
Corporate Author: Arthouse Hejtmánek (galerie : Praha, Česko)
Other Authors: Hejtmánek, Tomáš, 1967-, Hejtmánek, Tomáš, ml., 1999-, Janištinová, Anna, Jiráček, Antonín, 1951-, Hradilová, Dana, 1976-
Language: Czech
Published: [Praha] : Arthouse Hejtmánek, [2023-2024]
Subjects:
Physical Description: 2 svazky (386 stran) : ilustrace (převážně barevné), faksimile ; 27 cm
Subscribed volumes: 1-2-
Book
Saved in:
LEADER 02990nam a2200649 ia4500
001 nkc20243583025
003 CZ PrNK
005 20250331125954.0
007 ta
008 240109m20232024xr ah e c 000 0dcze
015 |a cnb003583025 
020 |a 978-80-907493-8-2  |q (I. ;  |q brožováno) 
020 |a 978-80-907493-6-8  |q (II. ;  |q brožováno) 
040 |a BOA001  |b cze  |d OLA001  |d BOA001  |e rda 
043 |a e-xr--- 
045 |a x-x- 
072 7 |a 75  |x Malířství  |2 Konspekt  |9 21 
080 |a 75(437.3)  |2 MRF 
080 |a 75.031.2"18/20"  |2 MRF 
080 |a 75.036/.038  |2 MRF 
080 |a (437.3)  |2 MRF 
080 |a (083.824)  |2 MRF 
100 1 |a Kotrba, Josef,  |d 1896-1983  |7 xx0035348  |4 ill 
245 1 0 |a Nalezený malíř Josef Kotrba :  |b 1896-1984 /  |c autoři textů Tomáš Hejtmánek, Tomáš Hejtmánek ml., Anna Janištinová, Antonín Jiráček 
246 1 4 |a Josef Kotrba 
264 1 |a [Praha] :  |b Arthouse Hejtmánek,  |c [2023-2024] 
300 |a 2 svazky (386 stran) :  |b ilustrace (převážně barevné), faksimile ;  |c 27 cm 
336 |a text  |b txt  |2 rdacontent 
336 |a statický obraz  |b sti  |2 rdacontent 
337 |a bez média  |b n  |2 rdamedia 
338 |a svazek  |b nc  |2 rdacarrier 
500 |a Vydáno ke stejnojmenné výstavě konané v Arthouse Hejtmánek, Galerie a aukční dům Praha, 15.9.2023-30.10.2023 
500 |a Svazek II. vydán ke stejnojmenné výstavě konané v Arthouse Hejtmánek, Galerie a aukční dům Praha, 18.9.2024-3.11.2024 
504 |a Obsahuje bibliografii a bibliografické odkazy 
505 1 |a I. [2023] -- II. Nalezený malíř Josef Kotrba : 1896-1983 / autoři textů Tomáš Hejtmánek, Dana Hradilová. [2024] 
600 1 7 |a Kotrba, Josef,  |d 1896-1983  |7 xx0035348  |2 czenas 
648 7 |a 20. století  |7 ch460558  |2 czenas 
650 0 7 |a české malířství  |7 ph116864  |y 20. století  |2 czenas 
650 0 7 |a naivní malířství  |7 ph166511  |z Česko  |y 20. století  |2 czenas 
650 0 7 |a moderní malířství  |7 ph122940  |z Česko  |2 czenas 
650 0 9 |a Czech painting  |y 20th century  |2 eczenas 
650 0 9 |a naivist painting  |z Czechia  |y 20th century  |2 eczenas 
650 0 9 |a modern painting  |z Czechia  |2 eczenas 
655 7 |a katalogy výstav  |7 fd132536  |2 czenas 
655 9 |a exhibition catalogs  |2 eczenas 
700 1 |a Hejtmánek, Tomáš,  |d 1967-  |7 ola2015894515  |4 wfw 
700 1 |a Hejtmánek, Tomáš,  |c ml.,  |d 1999-  |7 xx0311786  |4 wfw 
700 1 |a Janištinová, Anna  |7 jx20081205015  |4 wfw 
700 1 |a Jiráček, Antonín,  |d 1951-  |7 xx0145999  |4 wfw 
700 1 |a Hradilová, Dana,  |d 1976-  |7 xx0080669  |4 wfw 
710 2 |a Arthouse Hejtmánek (galerie : Praha, Česko)  |7 olak2015894529  |4 orm  |4 isb 
910 2 |a BOA001  |b 3-1519.123  |s 1-2- 
990 |a BK 
995 |a 60 
991 |b 202503  |c NOV 
996 6 |b 2610958918  |c 3-1519.123  |d Sv. I.  |v 1  |l MZK  |r Sklad / do 1 hodiny  |n 1  |p p.v.  |w 001950264  |u 000010  |a 1  |e BOA001  |j MZK50  |s P 
996 6 |b 2610998815  |c 3-1519.123  |d Sv. II.  |v 2  |l MZK  |r Sklad / do 1 hodiny  |n 0  |p p.v.  |w 001950264  |u 000020  |a 1  |e BOA001  |j MZK50  |s P